Corn production of farmer in saang district, kandal province ផលិតកម្មពោត​របស់កសិករ ខេត្តកណ្តាល នៅស្រុកស្អាង (Record no. 1073)

000 -LEADER
fixed length control field 00545nam a22001337a 4500
040 ## - CATALOGING SOURCE
Transcribing agency RUA
082 ## - DEWEY DECIMAL CLASSIFICATION NUMBER
Classification number AGR POV 2010 B046 Or.1
100 ## - MAIN ENTRY--AUTHOR NAME
Personal name POV, LENG
245 ## - TITLE STATEMENT
Title Corn production of farmer in saang district, kandal province ផលិតកម្មពោត​របស់កសិករ ខេត្តកណ្តាល នៅស្រុកស្អាង
260 ## - PUBLICATION, DISTRIBUTION, ETC. (IMPRINT)
Place of publication Phnom penh
Name of publisher RUA
Year of publication 2010
300 ## - PHYSICAL DESCRIPTION
Number of Pages xi, 50p.
Other physical details ill.
Dimensions 29cm.
856 ## - ELECTRONIC LOCATION AND ACCESS
Uniform Resource Identifier https://drive.google.com/file/d/1Qvfx-uPoorpW7uBVw7wp_ENpL1jOsqYF/view?usp=sharing
942 ## - ADDED ENTRY ELEMENTS (KOHA)
Koha item type AGR
952 ## - LOCATION AND ITEM INFORMATION (KOHA)
Withdrawn status [LOCAL, KOHA] 0
952 ## - LOCATION AND ITEM INFORMATION (KOHA)
Withdrawn status [LOCAL, KOHA] 0
952 ## - LOCATION AND ITEM INFORMATION (KOHA)
Withdrawn status [LOCAL, KOHA] 0
952 ## - LOCATION AND ITEM INFORMATION (KOHA)
Withdrawn status [LOCAL, KOHA] 0
952 ## - LOCATION AND ITEM INFORMATION (KOHA)
Withdrawn status [LOCAL, KOHA] 0
952 ## - LOCATION AND ITEM INFORMATION (KOHA)
Withdrawn status [LOCAL, KOHA] 0
952 ## - LOCATION AND ITEM INFORMATION (KOHA)
Withdrawn status [LOCAL, KOHA] 0
952 ## - LOCATION AND ITEM INFORMATION (KOHA)
Withdrawn status [LOCAL, KOHA] 0
952 ## - LOCATION AND ITEM INFORMATION (KOHA)
Withdrawn status [LOCAL, KOHA] 0
952 ## - LOCATION AND ITEM INFORMATION (KOHA)
Withdrawn status [LOCAL, KOHA] 0
Holdings
Permanent Location Date acquired Koha item type Lost status Shelving location Barcode Current Location Full call number
Library Block B2015-09-22AGR B046RUA006190Library Block BAGR POV 2010 B046 Or.1
Library Block B2015-09-22AGR B046RUA006261Library Block BAGR POV 2010 B046 Or.2
Library Block B2015-09-22AGR B046RUA006135Library Block BAGR POV 2010 B046 Or.3
Library Block B2015-09-22AGR B046RUA006479Library Block BAGR POV 2010 B046 Or.4
Library Block B2015-09-22AGR B046RUA006192Library Block BAGR POV 2010 B046 Or.5
Library Block B2015-09-22AGR B046RUA006043Library Block BAGR POV 2010 B046 Or.6
Library Block B2015-09-22AGR B046RUA006048Library Block BAGR POV 2010 B046 Or.7
Library Block B2015-09-22AGR B046RUA006047Library Block BAGR POV 2010 B046 Or.8
Library Block B2015-09-22AGR B046RUA006264Library Block BAGR POV 2010 B046 Or.9
Library Block B2015-09-22AGR B046RUA006326Library Block BAGR POV 2010 B046 Or.10
មជ្ឈមណ្ឌលឯការនៃសាកលវិទ្យាល័យភូមិន្ទកសិកម្មចំការដូង

Powered by Koha